<?xml version="1.0" encoding="UTF-8"?>
<record
    xmlns:xsi="http://www.w3.org/2001/XMLSchema-instance"
    xsi:schemaLocation="http://www.loc.gov/MARC21/slim http://www.loc.gov/standards/marcxml/schema/MARC21slim.xsd"
    xmlns="http://www.loc.gov/MARC21/slim">

  <leader>01122nam a2200277 a 4500</leader>
  <controlfield tag="001">78398</controlfield>
  <controlfield tag="003">BD-RjUL</controlfield>
  <controlfield tag="005">20211209083126.0</controlfield>
  <controlfield tag="008">210916s2006    bg a|||| m||| 00| 0 eng d</controlfield>
  <datafield tag="035" ind1=" " ind2=" ">
    <subfield code="a">(BD-RjUL)78624</subfield>
  </datafield>
  <datafield tag="040" ind1=" " ind2=" ">
    <subfield code="a">BD-RjUL</subfield>
    <subfield code="b">eng</subfield>
    <subfield code="c">BD-RjUL</subfield>
    <subfield code="d">BD-RjUL</subfield>
  </datafield>
  <datafield tag="041" ind1=" " ind2=" ">
    <subfield code="a">eng</subfield>
  </datafield>
  <datafield tag="082" ind1=" " ind2=" ">
    <subfield code="a">006.42</subfield>
    <subfield code="b">HOF 2006</subfield>
    <subfield code="2">23</subfield>
  </datafield>
  <datafield tag="100" ind1=" " ind2=" ">
    <subfield code="a">Hossain, A. K. M. Akhtar</subfield>
    <subfield code="9">248054</subfield>
  </datafield>
  <datafield tag="245" ind1="1" ind2="0">
    <subfield code="a">Fingerprint Identification System Using Artifical Computing Models /</subfield>
    <subfield code="c">A.K.M. Akhtar Hossain ;</subfield>
    <subfield code="6">Supervisor : S. K. Ahmed Kamal</subfield>
  </datafield>
  <datafield tag="260" ind1=" " ind2=" ">
    <subfield code="a">Rajshahi :</subfield>
    <subfield code="b">Department of Computer Science And Engineering, University of Rajshahi,</subfield>
    <subfield code="c">2006</subfield>
  </datafield>
  <datafield tag="300" ind1=" " ind2=" ">
    <subfield code="a">ill, 165 leaves :</subfield>
    <subfield code="b">ill ;</subfield>
    <subfield code="c">29 cm.</subfield>
  </datafield>
  <datafield tag="502" ind1=" " ind2=" ">
    <subfield code="a">Thesis (Ph. D.) -- Department of Computer Science And Engineering, University of Rajshahi, 2006</subfield>
  </datafield>
  <datafield tag="504" ind1=" " ind2=" ">
    <subfield code="a">Reference :  Leaves 156 - 165</subfield>
  </datafield>
  <datafield tag="600" ind1=" " ind2=" ">
    <subfield code="q">	 </subfield>
    <subfield code="9">248245</subfield>
  </datafield>
  <datafield tag="650" ind1=" " ind2=" ">
    <subfield code="a">Fingerprints</subfield>
    <subfield code="x">Identification</subfield>
    <subfield code="x">Data processing</subfield>
    <subfield code="9">248246</subfield>
  </datafield>
  <datafield tag="650" ind1=" " ind2=" ">
    <subfield code="a">Neural networks (Computer science)</subfield>
    <subfield code="x">Mathematical models</subfield>
    <subfield code="9">248247</subfield>
  </datafield>
  <datafield tag="650" ind1=" " ind2=" ">
    <subfield code="a">Biometric identification.</subfield>
    <subfield code="9">44036</subfield>
  </datafield>
  <datafield tag="700" ind1=" " ind2=" ">
    <subfield code="a">Kamal, S. K.  Ahmed, Supervisor </subfield>
    <subfield code="9">248056</subfield>
  </datafield>
  <datafield tag="942" ind1=" " ind2=" ">
    <subfield code="2">ddc</subfield>
    <subfield code="c">THE</subfield>
  </datafield>
  <datafield tag="999" ind1=" " ind2=" ">
    <subfield code="c">78398</subfield>
    <subfield code="d">78398</subfield>
  </datafield>
  <datafield tag="952" ind1=" " ind2=" ">
    <subfield code="0">0</subfield>
    <subfield code="1">0</subfield>
    <subfield code="2">ddc</subfield>
    <subfield code="4">0</subfield>
    <subfield code="7">1</subfield>
    <subfield code="8">THESES</subfield>
    <subfield code="a">RUCL</subfield>
    <subfield code="b">RUCL</subfield>
    <subfield code="c">Doc/The</subfield>
    <subfield code="d">2006-05-24</subfield>
    <subfield code="e">Controller of Exam. R.U</subfield>
    <subfield code="l">0</subfield>
    <subfield code="o">THE 006.42 HOF 2006</subfield>
    <subfield code="r">2021-09-16 00:00:00</subfield>
    <subfield code="t">C-1</subfield>
    <subfield code="w">2021-12-09</subfield>
    <subfield code="y">THE</subfield>
  </datafield>
</record>
